| 000 | 01456cam a2200349 a 4500 | ||
|---|---|---|---|
| 999 |
_c328453 _d328453 |
||
| 001 | 15910717 | ||
| 003 | Nust | ||
| 005 | 20170407120507.0 | ||
| 008 | 090917r20071984nyu b 000 1 eng d | ||
| 010 | _a 2009464789 | ||
| 020 | _a9781593080327 (pbk.) | ||
| 035 | _a(OCoLC)ocn181154949 | ||
| 040 |
_aIMF _cIMF _dBAKER _dBTCTA _dOCLCG _dDLC |
||
| 042 | _alccopycat | ||
| 050 | 0 | 0 |
_aPR5772 _b2007 |
| 082 | 0 | 0 |
_a823.912 _bWEL |
| 100 | 1 |
_aWells, H. G. _q(Herbert George), _d1866-1946. |
|
| 240 | 1 | 0 |
_aNovels. _kSelections |
| 245 | 1 | 4 |
_aThe time machine ; and, the invisible man / _cH.G. Wells ; with an introduction by John Calvin Batchelor ; and with an afterword by Paul Youngquist. |
| 246 | 3 | 0 | _aTime machine |
| 246 | 3 | 0 | _aInvisible man |
| 260 |
_aNew York : _bSignet Classics, _c2007. |
||
| 300 |
_axxiii, 284 p. ; _c18 cm. |
||
| 490 | 0 | _aSignet classics | |
| 504 | _aIncludes bibliographical references (p. 291-292). | ||
| 520 | _aIn the first of these two science fiction stories a scientist invents a machine that transports him into the future. In the second story a man watches his body slowly become invisible. | ||
| 650 | 0 |
_aTime travel _vFiction. |
|
| 650 | 0 | _aScience fiction. | |
| 700 | 1 | _aBatchelor, John Calvin. | |
| 700 | 1 | _aYoungquist, Paul. | |
| 906 |
_a7 _bcbc _ccopycat _d2 _encip _f20 _gy-gencatlg |
||
| 942 |
_2ddc _cBK |
||